LEADER 01494nam a2200337 a 4500 001 000000136399 003 CaOOAMICUS 005 20131127100715.0 008 131127s2013 it u000 u ita r 020 $a978-88-343-2644-2 040 $aPUL$bita 100 1 $aDe Luca, Marianna.$0(OLS)http://pul/name/87841 245 10$aNel rispetto dei reciproci ruoli :$blineamenti di storia della contrattazione collettiva in Italia /$cMarianna De Luca. 260 $aMilano :$bV&P,$c©2013. 300 $aXVIII, 620 p. ;$c22 cm 490 1 $aStoria. Ricerche 490 1 $aVita e pensiero. Universitą 650 4$aLavoro e sindacati$zItalia$ySec. XX.$0(OLS)http://pul/subject/39916 830 0$aUniversitą (Vita e Pensiero).$0(OLS)http://pul/title/154439 830 0$aRicerche (Vita e Pensiero).$pStoria.$0(OLS)http://pul/title/174438 850 $aPUL 852 $aPUL$W1$xDP1 Cons. Gen., Altre Classi 1$y22$m389 C 58$j157103$qStampati$B156592$CPULBib$Z2$F156592 $H123232 $82 941 1 $a8 983 0$aVita e pensiero.$pUniversitą. 983 0$aV & P. Universitą. 983 0$aStoria.$pRicerche (Vita e pensiero) 983 0$aV & P. Storia. Ricerche. 996 $6020$a978-88-343-2644-2$9(OLS)http://pul/number/154006 996 $6245$aNel rispetto dei reciproci ruoli :$blineamenti di storia della contrattazione collettiva in Italia$9(OLS)http://pul/title/172558 996 $6260$aMilano :$bV&P$9(OLS)http://pul/publisher/78336 LEADER 01129nam a2200265 a 4500 001 000000145715 003 CaOOAMICUS 005 20150914134447.0 008 150914s2012 it 000 u ita r 020 $a978-88-250-3251-2 040 $aPUL$bita 100 1 $aMaggioni, Bruno,$csac.,$d1932-$0(OLS)http://pul/name/24846 245 10$aNuova evangelizzazione :$bforza e bellezza della Parola /$cBruno Maggioni ; prefazione di Enzo Bianchi. 260 $aPadova :$bMessaggero,$c©2012. 300 $a179 p. ;$c21 cm 650 4$aEvangelizzazione$xStudi.$0(OLS)http://pul/subject/39303 700 1 $aBianchi, Enzo,$d1943-$0(OLS)http://pul/name/26766 850 $aPUL 852 $aPUL$W1$xDP1 Fondo S. Lanza$y121$m3 P 84$j168547$qFondi$B169147$CPULBib$Z2$F169147 $HLan1781 $82 941 1 $a1 961 $aNota ms. di possesso: Sergio Lanza 996 $6020$a978-88-250-3251-2$9(OLS)http://pul/number/158587 996 $6245$aNuova evangelizzazione :$bforza e bellezza della Parola$9(OLS)http://pul/title/184257 996 $6260$aPadova :$bMessaggero$9(OLS)http://pul/publisher/47870